| 000 | 00432nam a2200157 i 4500 | ||
|---|---|---|---|
| 001 | 98298 | ||
| 003 | ES-MaACL | ||
| 005 | 20230906182244.0 | ||
| 007 | t| | ||
| 008 | 050727s1935 fr ||||1| fre d | ||
| 100 | 1 |
_aMartet, Jean. _977173 |
|
| 245 | 1 | 3 |
_aLe Procureur de la lanterne (Camille Desmoulins) / _cJean Martet. |
| 260 |
_aParis : _b[s.n.], _c1935 ( _fE. Ramlot) |
||
| 300 |
_a318 p. ; _c19 cm. |
||
| 852 |
_aES-MaACL _jA-3766 |
||
| 999 |
_c98298 _d98298 |
||